Centro Educativo Ureña el Valiente, Boca Chica (Record no. 8047)

MARC details
000 -LEADER
campo de control de longitud fija 00438nam a2200145Ia 4500
001 - NÚMERO DE CONTROL
campo de control 3197
008 - DATOS DE LONGITUD FIJA--INFORMACIÓN GENERAL
campo de control de longitud fija 241024s9999 xx 000 0 und d
082 ## - NÚMERO DE LA CLASIFICACIÓN DECIMAL DEWEY
Número de clasificación RD/624.07/R426c
100 ## - ENTRADA PRINCIPAL--NOMBRE DE PERSONA
Nombre de persona República Dominicana. Ministerio de Educación, MINERD. Dirección de Edificaciones Escolares
245 #0 - MENCIÓN DEL TÍTULO
Título Centro Educativo Ureña el Valiente, Boca Chica
260 ## - PUBLICACIÓN, DISTRIBUCIÓN, ETC.
Nombre del editor, distribuidor, etc. Santo Domingo
590 ## - NOTA LOCAL (RLIN)
Nota local si
901 ## - ELEMENTOS DE DATOS A LOCAL LDA (RLIN)
a 4/9/2013 3:58:02 p.m.

No items available.

© 2024. Todos los Derechos Reservados. Desarrollado por IDEICE